अशाच एका झाडाखाली (Record no. 63799)

MARC details
000 -LEADER
fixed length control field 00573nam a2200181Ia 4500
008 - FIXED-LENGTH DATA ELEMENTS--GENERAL INFORMATION
fixed length control field 090123s9999 xx 000 0 und d
082 ## - DEWEY DECIMAL CLASSIFICATION NUMBER
Item number 25728
100 ## - MAIN ENTRY--PERSONAL NAME
Personal name तावडे ममता
245 ## - TITLE STATEMENT
Title अशाच एका झाडाखाली
250 ## - EDITION STATEMENT
Edition statement 0
260 ## - PUBLICATION, DISTRIBUTION, ETC. (IMPRINT)
Name of publisher, distributor, etc प्रिया प्रकाशन
300 ## - PHYSICAL DESCRIPTION
Extent 111
600 ## - SUBJECT ADDED ENTRY--PERSONAL NAME
Personal name तावडे ममता
630 ## - SUBJECT ADDED ENTRY--UNIFORM TITLE
Uniform title अशाच एका झाडाखाली
700 ## - ADDED ENTRY--PERSONAL NAME
Personal name तावडे ममता
730 ## - ADDED ENTRY--UNIFORM TITLE
Uniform title अशाच एका झाडाखाली
942 ## - ADDED ENTRY ELEMENTS (KOHA)
Koha item type Book
Holdings
Withdrawn status Lost status Damaged status Not for loan Home library Current library Date acquired Cost, normal purchase price Total Checkouts Full call number Barcode Date last seen Cost, replacement price Price effective from Koha item type
        Jawahar Wachalanalaya, Kalwa Jawahar Wachalanalaya, Kalwa 03/31/2002 55.00   25728 KLW-25728 01/23/2009 55.00 01/23/2009 Book